| 000 | 00579nam a22001937a 4500 | ||
|---|---|---|---|
| 999 |
_c181908 _d181908 |
||
| 005 | 20211008123739.0 | ||
| 010 | _aENG-130013 | ||
| 020 |
_c350.00 _a978-93-90627-32-5 |
||
| 035 | _aEN-113545 | ||
| 037 | _bDBAD/PUB | ||
| 082 | _a333.707 | ||
| 100 | _aN., Nandini | ||
| 245 |
_aEnvironmental Education : _cNandini N. |
||
| 250 | _a2021 | ||
| 260 |
_bKrishna Publication House _aGujarat _c2021 |
||
| 270 |
_aNo.303 YashKunj Apartment, Devbaug, Anantwadi, Bhavnagar _bGujarat _e3640002 |
||
| 300 |
_a180 p. _c22 cm (pbk) |
||
| 942 |
_2ddc _cEN _h333.707 _mNNA |
||